000 00534nam a2200193Ia 4500
005 20260120131509.0
008 008 260114s9999 xx 000 0 eng d
020 _a9780190057916
037 _aEBOOK
040 _aCRL
_beng
_cCRL
041 _aeng
_2eng
084 _qCRL
100 _aWhitehead, Perry
_9927707
245 0 _aTaking America Back for God
260 _bOxford University PressOxford University Press
_c2020
856 _uhttps://academic.oup.com/book/33661
942 _cEBOOK
999 _c1519625
_d1519625